| 000 | 00402cam a2200157ua 4500 | ||
|---|---|---|---|
| 041 |
_aeng _h |
||
| 082 |
_a320.58 _bGEO/GA |
||
| 100 | _aGeorge, S K . | ||
| 245 |
_aGandhi`s challenge to Christianity / _cS K George. _hTextual Documents |
||
| 260 |
_aAhmadabad : _bNavajivan publishing house , _c1947. |
||
| 300 | _a93 ; . | ||
| 504 | _a | ||
| 650 | _aGandhiana | ||
| 942 | _cBK | ||
| 999 |
_c1092 _d1092 |
||